000 00661cam a2200241 4500
999 _c5714
_d5714
001 3698815
003 OSt
005 20190109172356.0
008 700512s1969 ilu b 001 0 eng
010 _a 79011270
040 _aDLC
_cDLC
_dDLC
050 0 0 _aBS1545.3
_b.F4
082 0 0 _a244.4
_bF299p
100 1 _aFeinberg, Charles Lee.
245 1 4 _aThe prophecy of Ezekiel;
_bthe glory of the Lord.
260 _aChicago,
_bMoody Press
_c[1969]
300 _a286 p.
_c24 cm.
350 _a4.95
504 _aBibliography: p. 280-283.
630 0 0 _aBible.
_pEzekiel
_xCommentaries.
906 _a7
_bcbc
_corignew
_du
_encip
_f19
_gy-gencatlg
942 _2ddc
_cBK